| 000 | 00353nam a2200145Ia 4500 | ||
|---|---|---|---|
| 008 | 230917s9999||||xx |||||||||||||| ||und|| | ||
| 040 |
_e142144 _aMAIN |
||
| 041 | _aEnglish | ||
| 082 | _a780.5 S58S | ||
| 100 | _aSaxena, Maheshnarayan | ||
| 245 | 0 | _aSangeet kalyan ank | |
| 260 |
_aHathras _bSangeet karyalaya _c1954 |
||
| 300 | _a186p p. | ||
| 942 | _cBK | ||
| 999 |
_c38506 _d38506 |
||